| 000 | 00430nam a2200169Ia 4500 | ||
|---|---|---|---|
| 003 | GCL | ||
| 008 | 140319s9999 xx 000 0 eng d | ||
| 040 |
_aGCL / _cGCL |
||
| 082 | 0 | 4 |
_a540 _bO E |
| 100 | 1 | _aO'NEIL, PETER V. | |
| 245 | 1 | 0 |
_aENVIRONMENTAL CHEMISTRY / _cO'NEIL, PETER V. |
| 260 |
_a[S.N] : _bCHAPMAN & HALL ، _c1993 |
||
| 300 | _a268 P | ||
| 650 | 0 | 4 | _aEARTH |
| 650 | 0 | 4 | _aENVIRONMENTAL CHEMISTRY |
| 942 |
_2ddc _cBK |
||
| 999 |
_c16520 _d16520 |
||